[Event "Oberliga Ost A 2017 2018"]
[Site "Germany"]
[Date "2018.04.14"]
[Round "10.1"]
[White "Lechtynsky, Jiri"]
[Black "Spreng, Simon"]
[Result "1-0"]
[WhiteElo "2367"]
[BlackElo "2235"]
[PlyCount "47"]
[EventDate "2017.10.22"]
[EventType "team-tourn"]
[EventCountry "GER"]
[WhiteTeam "Hoyerswerda FVS ASP"]
[BlackTeam "Dessau SK"]
[WhiteTeamCountry "GER"]
[BlackTeamCountry "GER"]

1. Nf3 Nf6 2. c4 g6 3. d4 Bg7 4. Nc3 d5 5. Bg5 Ne4 6. Bh4 c5 7. cxd5 Nxc3 8.
bxc3 Qxd5 9. e3 cxd4 10. cxd4 Nc6 11. Be2 e5 12. dxe5 Qa5+ 13. Qd2 Qxd2+ 14.
Kxd2 Nxe5 15. Rab1 O-O 16. Nd4 Nc6 17. Nxc6 bxc6 18. Rhc1 h6 19. Rxc6 g5 20.
Bg3 Bf5 21. Bd3 Rfd8 22. Rd6 Rxd6 23. Bxd6 Bxd3 24. Kxd3 1-0

[Event "Oberliga Ost A 2017 2018"]
[Site "Germany"]
[Date "2018.04.14"]
[Round "10.2"]
[White "Matthey, Harald"]
[Black "Spivak, Ilya"]
[Result "0-1"]
[WhiteElo "2108"]
[BlackElo "2329"]
[PlyCount "48"]
[EventDate "2017.10.22"]
[EventType "team-tourn"]
[EventCountry "GER"]
[WhiteTeam "Dessau SK"]
[BlackTeam "Hoyerswerda FVS ASP"]
[WhiteTeamCountry "GER"]
[BlackTeamCountry "GER"]

1. e4 c5 2. b3 b6 3. Bb2 Bb7 4. Nc3 e6 5. f4 d5 6. exd5 exd5 7. Bb5+ Nd7 8.
Qe2+ Qe7 9. Nf3 d4 10. Ne5 Ngf6 11. O-O-O dxc3 12. dxc3 O-O-O 13. Ba6 Nxe5 14.
fxe5 Nd7 15. Rd5 Nb8 16. Bxb7+ Kxb7 17. c4 Nc6 18. Rhd1 Kc7 19. Qe4 Qe6 20.
Rxd8 Nxd8 21. Qa8 Nc6 22. Rd6 Bxd6 23. exd6+ Kxd6 24. Qxh8 Qe1# 0-1

[Event "Oberliga Ost A 2017 2018"]
[Site "Germany"]
[Date "2018.04.14"]
[Round "10.3"]
[White "Orsag, Milan"]
[Black "Schubert, Ralf"]
[Result "1-0"]
[WhiteElo "2342"]
[BlackElo "2148"]
[PlyCount "115"]
[EventDate "2017.10.22"]
[EventType "team-tourn"]
[EventCountry "GER"]
[WhiteTeam "Hoyerswerda FVS ASP"]
[BlackTeam "Dessau SK"]
[WhiteTeamCountry "GER"]
[BlackTeamCountry "GER"]

1. d4 Nf6 2. c4 g6 3. Nc3 Bg7 4. e4 d6 5. Be2 O-O 6. Be3 c5 7. d5 b5 8. cxb5 a6
9. a4 Qa5 10. Bd2 axb5 11. Nxb5 Qb6 12. Qb1 Ba6 13. Ra3 Nbd7 14. Nf3 Rfc8 15.
O-O c4 16. Be3 Qb7 17. Rc1 Nc5 18. Bxc5 Rxc5 19. Rxc4 Bxb5 20. axb5 Rxa3 21.
bxa3 Rxb5 22. Qxb5 Qxb5 23. Rc8+ Qe8 24. Rxe8+ Nxe8 25. a4 Bc3 26. Kf1 Nf6 27.
Bd3 Nd7 28. Bb5 Nc5 29. Ke2 Nxe4 30. Kd3 f5 31. Kc4 Ba5 32. Bc6 Bb6 33. Kb5
Bxf2 34. a5 Kf7 35. a6 g5 36. Kc4 Ba7 37. Nd4 Nd2+ 38. Kd3 Nf1 39. h3 g4 40.
Bd7 gxh3 41. gxh3 Ng3 42. Nc6 Bc5 43. a7 Bxa7 44. Nxa7 Kf6 45. Nc6 Ne4 46. Ke3
Nc3 47. Be6 Nb5 48. Bg8 Nc7 49. Kf4 Kg7 50. Be6 Kf6 51. Nd8 h6 52. h4 Nxe6+ 53.
Nxe6 Kg6 54. Nd4 Kf6 55. Nxf5 e6 56. dxe6 Kxe6 57. Nxh6 Kf6 58. h5 1-0

[Event "Oberliga Ost A 2017 2018"]
[Site "Germany"]
[Date "2018.04.14"]
[Round "10.4"]
[White "Erler, Rainer"]
[Black "Hovsepyan, Vardan"]
[Result "0-1"]
[WhiteElo "2100"]
[BlackElo "2218"]
[PlyCount "154"]
[EventDate "2017.10.22"]
[EventType "team-tourn"]
[EventCountry "GER"]
[WhiteTeam "Dessau SK"]
[BlackTeam "Hoyerswerda FVS ASP"]
[WhiteTeamCountry "GER"]
[BlackTeamCountry "GER"]

1. e4 e5 2. Nf3 Nc6 3. Bb5 a6 4. Ba4 Nf6 5. O-O b5 6. Bb3 Be7 7. Re1 O-O 8. d4
d6 9. c3 Bg4 10. d5 Na5 11. Bc2 c6 12. dxc6 Qc7 13. h3 Bc8 14. Nbd2 Qxc6 15.
Nf1 Nc4 16. Ne3 Nxe3 17. Bxe3 Nxe4 18. Bg5 Nxg5 19. Nxg5 Bxg5 20. Be4 Qb6 21.
Bxa8 Bxh3 22. Be4 Bc8 23. Qh5 h6 24. Rad1 Be6 25. Bd5 g6 26. Qf3 Bd7 27. Qd3
Kg7 28. Bb3 Be7 29. Re3 Bg4 30. Rf1 Bg5 31. Ree1 Bf5 32. Qd5 Be6 33. Qd3 Bxb3
34. axb3 f5 35. Rd1 Rf6 36. Rfe1 h5 37. Qd5 Bf4 38. Qf3 h4 39. Ra1 Bd2 40. Re2
e4 41. Qh3 Bg5 42. g3 Rf8 43. Rd1 Rh8 44. g4 Rf8 45. Qg2 e3 46. Rd5 f4 47. Qe4
Kh6 48. f3 Qd8 49. Qd4 Be7 50. Rh2 Qa5 51. Rxd6 Bxd6 52. Rxh4+ Kg5 53. Rh5+
gxh5 54. Qd5+ Kg6 55. Qxd6+ Rf6 56. gxh5+ Kf7 57. Qd5+ Ke7 58. Qe5+ Re6 59.
Qg7+ Kd6 60. Qf8+ Kd7 61. Qf7+ Re7 62. Qd5+ Kc8 63. Qa8+ Kc7 64. Qa7+ Kd8 65.
Qa8+ Kd7 66. Qd5+ Kc7 67. Qc5+ Kd8 68. Qd6+ Rd7 69. Qb8+ Ke7 70. Qe5+ Kf7 71.
Qf5+ Ke8 72. Qe5+ Re7 73. Qh8+ Kd7 74. Qd4+ Kc8 75. Qc5+ Qc7 76. Qf5+ Kb8 77.
Qf8+ Ka7 0-1

[Event "Oberliga Ost A 2017 2018"]
[Site "Germany"]
[Date "2018.04.14"]
[Round "10.5"]
[White "Kesik, Klaus Dieter"]
[Black "Ozeran, Volodymyr"]
[Result "1-0"]
[WhiteElo "2222"]
[BlackElo "2087"]
[PlyCount "109"]
[EventDate "2017.10.22"]
[EventType "team-tourn"]
[EventCountry "GER"]
[WhiteTeam "Hoyerswerda FVS ASP"]
[BlackTeam "Dessau SK"]
[WhiteTeamCountry "GER"]
[BlackTeamCountry "GER"]

1. d4 Nf6 2. Nf3 d5 3. g3 Bf5 4. Bg2 e6 5. O-O h6 6. c4 c6 7. Qb3 Qb6 8. c5
Qxb3 9. axb3 Nbd7 10. b4 Be7 11. Nc3 O-O 12. b5 cxb5 13. Nxb5 a6 14. Nc3 Ne4
15. Nd2 Ndf6 16. f3 Nxd2 17. Bxd2 e5 18. dxe5 Bxc5+ 19. Kh1 Nd7 20. Nxd5 Nxe5
21. Rac1 Bd6 22. f4 Nc6 23. e4 Be6 24. e5 Be7 25. Nxe7+ Nxe7 26. Rc7 Rfd8 27.
Ba5 Rd7 28. Rfc1 Nc6 29. Rxd7 Bxd7 30. Bb6 Rc8 31. Rc3 g6 32. h3 Kg7 33. g4 Re8
34. Rd3 Be6 35. Rd6 Re7 36. Kh2 Rd7 37. Rxd7 Bxd7 38. Kg3 Bc8 39. Kf3 Nb8 40.
Ke3 Nd7 41. Ba7 b6 42. Bc6 Kf8 43. Kd4 Ke7 44. f5 a5 45. Kd5 gxf5 46. gxf5 f6
47. e6 Ne5 48. Ba8 Ba6 49. Bxb6 Bf1 50. Bc5+ Ke8 51. Kd6 Bxh3 52. Be4 Bf1 53.
Bc2 Bb5 54. Bd1 Kf8 55. Bd4 1-0

[Event "Oberliga Ost A 2017 2018"]
[Site "Germany"]
[Date "2018.04.14"]
[Round "10.6"]
[White "Schaefer, Sven"]
[Black "Jahnel, Guenther"]
[Result "1/2-1/2"]
[WhiteElo "2001"]
[BlackElo "2222"]
[PlyCount "99"]
[EventDate "2017.10.22"]
[EventType "team-tourn"]
[EventCountry "GER"]
[WhiteTeam "Dessau SK"]
[BlackTeam "Hoyerswerda FVS ASP"]
[WhiteTeamCountry "GER"]
[BlackTeamCountry "GER"]

1. e4 d6 2. d4 Nf6 3. Nc3 g6 4. f4 Bg7 5. Nf3 O-O 6. Bd3 Nc6 7. O-O Bg4 8. e5
dxe5 9. dxe5 Nd5 10. h3 Bxf3 11. Qxf3 Ndb4 12. Be4 f5 13. Bd5+ Nxd5 14. Nxd5
Nd4 15. Qd3 Qxd5 16. c3 Rfd8 17. cxd4 Qxd4+ 18. Qxd4 Rxd4 19. Be3 Re4 20. Kf2
g5 21. g3 Kf7 22. Rac1 Rc8 23. Rfd1 Ke8 24. Rd2 c5 25. Rd5 b6 26. Rcd1 Rc6 27.
Rd8+ Kf7 28. R8d7 a5 29. R1d6 Rxd6 30. exd6 gxf4 31. Bxf4 Bd4+ 32. Kf3 Ke8 33.
Rb7 exd6 34. g4 Be5 35. Bg5 Re1 36. gxf5 Rg1 37. h4 Rf1+ 38. Ke4 Bxb2 39. Rxb6
Bc1 40. Bxc1 Rxc1 41. Rxd6 c4 42. Rh6 Ra1 43. Rxh7 Rxa2 44. Rc7 Rh2 45. Rxc4
Rxh4+ 46. Kd3 Rxc4 47. Kxc4 Kf7 48. Kb5 Kf6 49. Ka4 Kxf5 50. Kxa5 1/2-1/2

[Event "Oberliga Ost A 2017 2018"]
[Site "Germany"]
[Date "2018.04.14"]
[Round "10.7"]
[White "Boehm, Robert"]
[Black "Schneider, Jens Erik"]
[Result "1-0"]
[WhiteElo "2148"]
[BlackElo "1925"]
[PlyCount "87"]
[EventDate "2017.10.22"]
[EventType "team-tourn"]
[EventCountry "GER"]
[WhiteTeam "Hoyerswerda FVS ASP"]
[BlackTeam "Dessau SK"]
[WhiteTeamCountry "GER"]
[BlackTeamCountry "GER"]

1. d4 d5 2. Nf3 Nf6 3. c4 c6 4. Qc2 e6 5. g3 Bb4+ 6. Bd2 Qa5 7. Bg2 Ne4 8. Bxb4
Qxb4+ 9. Nbd2 Nxd2 10. Nxd2 Nd7 11. O-O O-O 12. e4 dxc4 13. Nxc4 Nb6 14. b3
Nxc4 15. Qxc4 Qb6 16. Rac1 Rd8 17. Rfd1 Bd7 18. h4 Rac8 19. b4 a5 20. Rb1 a4
21. Qc5 Qc7 22. Rbc1 Be8 23. e5 b6 24. Qc2 Qa7 25. Be4 g6 26. h5 Kg7 27. Qd2
Qe7 28. hxg6 fxg6 29. Qc3 c5 30. bxc5 bxc5 31. d5 Bd7 32. d6 Qg5 33. f4 Qg4 34.
Qf3 Qh3 35. Rd2 h5 36. Rh2 Qg4 37. Qxg4 hxg4 38. Rhc2 g5 39. fxg5 Rb8 40. Rxc5
Rb2 41. Rc7 Kf8 42. Rxd7 Rxd7 43. Rc8+ Kf7 44. Rc7 1-0

[Event "Oberliga Ost A 2017 2018"]
[Site "Germany"]
[Date "2018.04.14"]
[Round "10.8"]
[White "Pannier, Thomas"]
[Black "Graf, Roland"]
[Result "1/2-1/2"]
[WhiteElo "1701"]
[BlackElo "2103"]
[PlyCount "125"]
[EventDate "2017.10.22"]
[EventType "team-tourn"]
[EventCountry "GER"]
[WhiteTeam "Dessau SK"]
[BlackTeam "Hoyerswerda FVS ASP"]
[WhiteTeamCountry "GER"]
[BlackTeamCountry "GER"]

1. d4 Nf6 2. Nf3 g6 3. g3 Bg7 4. Bg2 O-O 5. O-O d5 6. c4 c6 7. cxd5 cxd5 8. Nc3
e6 9. Qb3 Nc6 10. Bg5 h6 11. Bxf6 Bxf6 12. e3 b6 13. Rfc1 Bb7 14. Qd1 Bg7 15.
a3 Na5 16. b4 Nc4 17. a4 Rc8 18. Qb3 a6 19. Ra2 Qe7 20. Rac2 Rfd8 21. h3 Bf8
22. Na2 b5 23. Ne5 Nxe5 24. Rxc8 Rxc8 25. Rxc8 Bxc8 26. dxe5 Qc7 27. axb5 Qxe5
28. bxa6 Bxa6 29. b5 Qa1+ 30. Kh2 Bxb5 31. Qxb5 Qxa2 32. Kg1 h5 33. h4 Qa1+ 34.
Bf1 d4 35. exd4 Qxd4 36. Qc6 Bc5 37. Qf3 Kg7 38. Bb5 Qa1+ 39. Kg2 Qa7 40. Be8
Bd4 41. Bc6 Qc5 42. Bb7 Qb6 43. Bc6 Qa7 44. Be8 e5 45. Bc6 f5 46. Bd5 Qa5 47.
Qb3 Qd2 48. Qa2 Qe1 49. Qc2 Kh6 50. Bf7 e4 51. Bd5 e3 52. fxe3 Qxe3 53. Kh3 f4
54. Qg2 Be5 55. Qf3 Qxf3 56. Bxf3 fxg3 57. Bc6 Kg7 58. Bd7 Kf6 59. Be8 Kf5 60.
Bd7+ Kf4 61. Kg2 g5 62. hxg5 Kxg5 63. Bh3 1/2-1/2

[Event "Oberliga Ost A 2017 2018"]
[Site "Germany"]
[Date "2018.04.14"]
[Round "10.1"]
[White "Wegener, Dirk"]
[Black "Kuraszkiewicz, Michael"]
[Result "1-0"]
[WhiteElo "2373"]
[BlackElo "2303"]
[PlyCount "47"]
[EventDate "2017.10.22"]
[EventType "team-tourn"]
[EventCountry "GER"]
[WhiteTeam "Dresden USV TU II"]
[BlackTeam "Plauen SK Koenig"]
[WhiteTeamCountry "GER"]
[BlackTeamCountry "GER"]

1. e4 d6 2. d4 Nf6 3. Nc3 g6 4. f4 Bg7 5. Nf3 c5 6. e5 Ng4 7. Bb5+ Bd7 8. e6
fxe6 9. Ng5 Bxb5 10. Nxb5 Qa5+ 11. Bd2 Qxb5 12. Qxg4 Bxd4 13. Nxe6 Na6 14. c3
Bf6 15. f5 Qd3 16. Rf1 Rg8 17. O-O-O h5 18. Qa4+ Kf7 19. Bg5 Qe2 20. Bxf6 Qe3+
21. Kb1 Kxf6 22. fxg6+ Kxg6 23. Qc2+ Kh6 24. Rfe1 1-0

[Event "Oberliga Ost A 2017 2018"]
[Site "Germany"]
[Date "2018.04.14"]
[Round "10.3"]
[White "Kukel, Imre"]
[Black "Kunze, Carlo"]
[Result "1-0"]
[WhiteElo "2253"]
[BlackElo "2235"]
[PlyCount "75"]
[EventDate "2017.10.22"]
[EventType "team-tourn"]
[EventCountry "GER"]
[WhiteTeam "Dresden USV TU II"]
[BlackTeam "Plauen SK Koenig"]
[WhiteTeamCountry "GER"]
[BlackTeamCountry "GER"]

1. e4 d6 2. d4 Nf6 3. Nc3 Nbd7 4. g4 h6 5. h3 e5 6. Nge2 Be7 7. Bg2 O-O 8. Be3
c6 9. O-O Ne8 10. f4 exf4 11. Nxf4 Bg5 12. Qf3 Nc7 13. Kh1 Qe7 14. Bg1 b6 15.
Bh2 Ba6 16. Nce2 Rae8 17. Rfe1 c5 18. Qa3 Nf6 19. e5 dxe5 20. dxe5 Nd7 21. Nd5
Nxd5 22. Bxd5 Nb8 23. Qf3 Bxe2 24. Rxe2 Na6 25. e6 fxe6 26. Rxe6 Qxe6 27. Bxe6+
Rxe6 28. Qb3 Rfe8 29. Re1 Kf7 30. a3 c4 31. Qf3+ Kg8 32. Rxe6 Rxe6 33. Qd5 Nc5
34. Bd6 Kh8 35. Bxc5 Re1+ 36. Bg1 Be3 37. Qa8+ Kh7 38. Qe4+ 1-0

[Event "Oberliga Ost A 2017 2018"]
[Site "Germany"]
[Date "2018.04.14"]
[Round "10.4"]
[White "Hoerr, Matthias"]
[Black "Ader, Gunter"]
[Result "1-0"]
[WhiteElo "2196"]
[BlackElo "2036"]
[PlyCount "69"]
[EventDate "2017.10.22"]
[EventType "team-tourn"]
[EventCountry "GER"]
[WhiteTeam "Plauen SK Koenig"]
[BlackTeam "Dresden USV TU II"]
[WhiteTeamCountry "GER"]
[BlackTeamCountry "GER"]

1. e4 d6 2. d4 Nf6 3. Nc3 g6 4. Nf3 Bg7 5. Be2 c5 6. dxc5 Qa5 7. O-O Qxc5 8.
Be3 Qc7 9. e5 Ng4 10. Nb5 Qd8 11. exd6 Na6 12. Bxa7 Bxb2 13. Bd4 Bxa1 14. Qxa1
O-O 15. h3 Nh6 16. Bg7 Nf5 17. dxe7 Qxe7 18. Bxf8 Qxf8 19. Rd1 Nb4 20. Qf6 Nc6
21. Bc4 Qg7 22. Qxg7+ Kxg7 23. g4 Nfe7 24. Nfd4 h5 25. f3 hxg4 26. hxg4 Ne5 27.
Bb3 N7c6 28. Kg2 Bd7 29. Kg3 f5 30. gxf5 gxf5 31. Nd6 f4+ 32. Kxf4 Rf8+ 33.
N4f5+ Kg6 34. Rg1+ Kh7 35. Rh1+ 1-0

[Event "Oberliga Ost A 2017 2018"]
[Site "Germany"]
[Date "2018.04.14"]
[Round "10.5"]
[White "Oehl, Tim"]
[Black "Pfretzschner, Roland"]
[Result "1/2-1/2"]
[WhiteElo "2157"]
[BlackElo "2211"]
[PlyCount "85"]
[EventDate "2017.10.22"]
[EventType "team-tourn"]
[EventCountry "GER"]
[WhiteTeam "Dresden USV TU II"]
[BlackTeam "Plauen SK Koenig"]
[WhiteTeamCountry "GER"]
[BlackTeamCountry "GER"]

1. c4 c5 2. Nc3 Nc6 3. g3 g6 4. Bg2 Bg7 5. d3 e5 6. Nf3 Nge7 7. O-O O-O 8. Ne1
d6 9. Nc2 Be6 10. Ne3 Qd7 11. Ned5 Bh3 12. e4 Bxg2 13. Kxg2 f5 14. Be3 Rae8 15.
f3 h6 16. Qd2 g5 17. Bf2 Ng6 18. h3 Nd4 19. Bxd4 exd4 20. Ne2 fxe4 21. fxe4 Be5
22. Ng1 Kg7 23. Qe2 a6 24. b3 b5 25. Rxf8 Rxf8 26. Rf1 Rxf1 27. Qxf1 bxc4 28.
bxc4 Ne7 29. Nxe7 Qxe7 30. Qb1 Qc7 31. Nf3 Bf6 32. Nh2 Qa5 33. Ng4 Qd2+ 34. Nf2
a5 35. Qb7+ Kg6 36. a4 Be5 37. Qd7 Qe3 38. Qf5+ Kg7 39. Qg4 h5 40. Qf3 Kg6 41.
Qf5+ Kh6 42. Qf3 Kg6 43. Qf5+ 1/2-1/2

[Event "Oberliga Ost A 2017 2018"]
[Site "Germany"]
[Date "2018.04.14"]
[Round "10.6"]
[White "Zaehringer, Daniel"]
[Black "Verhulst, Nicolaas"]
[Result "1-0"]
[WhiteElo "2015"]
[BlackElo "2070"]
[PlyCount "69"]
[EventDate "2017.10.22"]
[EventType "team-tourn"]
[EventCountry "GER"]
[WhiteTeam "Plauen SK Koenig"]
[BlackTeam "Dresden USV TU II"]
[WhiteTeamCountry "GER"]
[BlackTeamCountry "GER"]

1. d4 Nf6 2. Bg5 Ne4 3. Bf4 c5 4. f3 Qa5+ 5. c3 Nf6 6. d5 d6 7. e4 Nbd7 8. a4
g6 9. Nd2 Bg7 10. Nc4 Qd8 11. Ne2 a6 12. Ng3 O-O 13. Be2 b6 14. O-O Bb7 15. Na3
Ne8 16. Qd2 Nc7 17. Rac1 Re8 18. b4 b5 19. a5 c4 20. Nc2 Ne5 21. Bh6 Bxh6 22.
Qxh6 e6 23. dxe6 fxe6 24. Rcd1 Qe7 25. Qe3 Nf7 26. f4 e5 27. f5 d5 28. Qb6 Qd6
29. fxg6 hxg6 30. Rf6 Qxb6+ 31. Rxb6 Rab8 32. Rxg6+ Kh7 33. Rf6 Nh6 34. Rdf1
Re7 35. Rxh6+ 1-0

[Event "Oberliga Ost A 2017 2018"]
[Site "Germany"]
[Date "2018.04.14"]
[Round "10.7"]
[White "Ledfuss, Guntram"]
[Black "Burian, Simon"]
[Result "0-1"]
[WhiteElo "2043"]
[BlackElo "1958"]
[PlyCount "60"]
[EventDate "2017.10.22"]
[EventType "team-tourn"]
[EventCountry "GER"]
[WhiteTeam "Dresden USV TU II"]
[BlackTeam "Plauen SK Koenig"]
[WhiteTeamCountry "GER"]
[BlackTeamCountry "GER"]

1. d4 Nf6 2. c4 c5 3. d5 b5 4. cxb5 a6 5. bxa6 g6 6. Nc3 Bxa6 7. g3 d6 8. Nf3
Bg7 9. Bh3 O-O 10. O-O Nfd7 11. Re1 Nb6 12. e4 Nc4 13. Bf1 Nd7 14. Qc2 Nde5 15.
Nxe5 Nxe5 16. Be2 c4 17. Be3 Qc7 18. Red1 Nd3 19. Rab1 Qa5 20. Bd2 Qc7 21. Be3
Rfb8 22. Na4 Nb4 23. Qd2 Nxa2 24. Bd4 Bxd4 25. Qxd4 c3 26. bxc3 Bxe2 27. Rxb8+
Qxb8 28. Re1 Bb5 29. Rb1 Rxa4 30. Qxa4 Nxc3 0-1

[Event "Oberliga Ost A 2017 2018"]
[Site "Germany"]
[Date "2018.04.14"]
[Round "10.8"]
[White "Linnert, Niklas"]
[Black "Richter, Philipp"]
[Result "1-0"]
[WhiteElo "1979"]
[BlackElo "1795"]
[PlyCount "141"]
[EventDate "2017.10.22"]
[EventType "team-tourn"]
[EventCountry "GER"]
[WhiteTeam "Plauen SK Koenig"]
[BlackTeam "Dresden USV TU II"]
[WhiteTeamCountry "GER"]
[BlackTeamCountry "GER"]

1. Nf3 c5 2. e4 e6 3. d4 cxd4 4. Nxd4 a6 5. c4 Nf6 6. Nc3 Qc7 7. Bd3 Nc6 8. Be3
Ne5 9. Qe2 Nfg4 10. Nc2 Nxd3+ 11. Qxd3 Ne5 12. Qd4 Nxc4 13. Bc1 b5 14. b3 Ne5
15. Bb2 Nc6 16. Qd2 Bb7 17. O-O Be7 18. Rfd1 Rd8 19. Rac1 Qa5 20. a3 O-O 21. b4
Qb6 22. Qf4 f5 23. exf5 Rxf5 24. Qg3 Rg5 25. Qe3 Qxe3 26. Nxe3 d5 27. Ne2 Bf6
28. Bxf6 gxf6 29. f4 Rg7 30. Rc5 d4 31. Nf1 d3 32. Neg3 Nd4 33. Ne3 Rgd7 34.
Kf2 Nc6 35. Ng4 Kf7 36. Ne4 Rd4 37. Nexf6 Rxf4+ 38. Ke3 Rf5 39. Ne4 Kg6 40.
Rxd3 Rxd3+ 41. Kxd3 h5 42. Ne3 Ne5+ 43. Kd4 Nc6+ 44. Kc3 Rxc5+ 45. Nxc5 Bc8 46.
Kd3 Kf6 47. Ke4 a5 48. bxa5 Nxa5 49. g4 Nb7 50. Nxb7 Bxb7+ 51. Kd4 hxg4 52.
Nxg4+ Kf5 53. Ne5 Bg2 54. Nf7 Kf4 55. Kd3 e5 56. Ke2 Bd5 57. Nd6 e4 58. h4 e3
59. Ke1 Bc6 60. h5 Kg5 61. Ke2 Kxh5 62. Kxe3 Kg6 63. Kd4 Kf6 64. Kc5 Bf3 65.
Nxb5 Ke7 66. a4 Kd7 67. Kb6 Kc8 68. a5 Kb8 69. a6 Bh1 70. a7+ Kc8 71. Nd6+ 1-0

[Event "Oberliga Ost A 2017 2018"]
[Site "Germany"]
[Date "2018.04.14"]
[Round "10.1"]
[White "Hoepfl, Thomas"]
[Black "Richter, Leonard"]
[Result "0-1"]
[WhiteElo "2276"]
[BlackElo "2268"]
[PlyCount "66"]
[EventDate "2017.10.22"]
[EventType "team-tourn"]
[EventCountry "GER"]
[WhiteTeam "Halle USV"]
[BlackTeam "Leipzig SG II"]
[WhiteTeamCountry "GER"]
[BlackTeamCountry "GER"]

1. e4 c5 2. Nf3 d6 3. Bb5+ Nd7 4. c3 Ngf6 5. Qe2 a6 6. Ba4 e6 7. O-O Be7 8. d4
O-O 9. e5 Nd5 10. Bc2 cxd4 11. cxd4 Nb4 12. Bb3 dxe5 13. a3 e4 14. Qxe4 Nf6 15.
Qe2 Nbd5 16. Ne5 Qb6 17. Qd3 Rd8 18. Bc2 Bd7 19. Rd1 Bb5 20. Qf3 Rac8 21. Nc3
Nxc3 22. bxc3 Qc7 23. Bd2 Bc6 24. Nxc6 Qxc6 25. Qd3 b5 26. Bb3 Qe4 27. Bg5 Qxd3
28. Rxd3 h6 29. Bd2 Ne4 30. Bd1 Nxd2 31. Rxd2 Rxc3 32. a4 Bg5 33. Rb2 Rxd4 0-1

[Event "Oberliga Ost A 2017 2018"]
[Site "Germany"]
[Date "2018.04.14"]
[Round "10.2"]
[White "Schunk, Thomas"]
[Black "Becker, Michael"]
[Result "1-0"]
[WhiteElo "2152"]
[BlackElo "2286"]
[PlyCount "103"]
[EventDate "2017.10.22"]
[EventType "team-tourn"]
[EventCountry "GER"]
[WhiteTeam "Leipzig SG II"]
[BlackTeam "Halle USV"]
[WhiteTeamCountry "GER"]
[BlackTeamCountry "GER"]

1. c4 c5 2. Nf3 Nc6 3. d4 cxd4 4. Nxd4 g6 5. Nc3 Bg7 6. Nc2 Bxc3+ 7. bxc3 Qa5
8. Qd2 Nf6 9. f3 d6 10. e4 Be6 11. Ne3 Nd7 12. Rb1 Nc5 13. Be2 Rc8 14. O-O f6
15. Kh1 b6 16. Nd5 Ne5 17. Rb4 Bxd5 18. exd5 Ncd7 19. Re1 Qc5 20. f4 Nf7 21.
Bf1 Qc7 22. Qd4 Nh6 23. h3 Nf5 24. Qf2 Qc5 25. Be3 Nxe3 26. Rxe3 Kf7 27. Rb1
Rhe8 28. Qe2 Rc7 29. Re1 Nf8 30. Kh2 Kg7 31. Qd1 Qa5 32. R1e2 Kg8 33. Rb2 Qa3
34. Qb1 Qc5 35. Qe1 Kf7 36. Bd3 Qa3 37. Rbe2 Qc5 38. h4 b5 39. cxb5 Qxd5 40. c4
Qc5 41. Be4 e5 42. Bd5+ Kg7 43. h5 Ne6 44. Rf2 Nd4 45. h6+ Kxh6 46. fxe5 Rxe5
47. g4 Kg7 48. Rf1 Nc2 49. Qh4 Nxe3 50. Qxf6+ Kh6 51. Rh1 Nxg4+ 52. Kg3+ 1-0

[Event "Oberliga Ost A 2017 2018"]
[Site "Germany"]
[Date "2018.04.14"]
[Round "10.3"]
[White "Reipsch, Jens"]
[Black "Weitzer, Steffen"]
[Result "1/2-1/2"]
[WhiteElo "2242"]
[BlackElo "2236"]
[PlyCount "77"]
[EventDate "2017.10.22"]
[EventType "team-tourn"]
[EventCountry "GER"]
[WhiteTeam "Halle USV"]
[BlackTeam "Leipzig SG II"]
[WhiteTeamCountry "GER"]
[BlackTeamCountry "GER"]

1. e4 c5 2. Nf3 d6 3. Bb5+ Bd7 4. Bxd7+ Qxd7 5. O-O Nc6 6. c3 Nf6 7. Re1 e6 8.
d4 cxd4 9. Nxd4 Be7 10. Bg5 O-O 11. Nxc6 Qxc6 12. Nd2 h6 13. Bh4 Rfe8 14. Qb3
Rad8 15. Rad1 b5 16. Nf3 a6 17. e5 dxe5 18. Nxe5 Rxd1 19. Qxd1 Qb7 20. Qe2 Qd5
21. b3 Rd8 22. Kf1 Kf8 23. f3 g5 24. Bf2 Nd7 25. c4 Qxe5 26. Qxe5 Nxe5 27. Rxe5
bxc4 28. bxc4 Rc8 29. Ra5 Rc6 30. c5 Ke8 31. Ke2 h5 32. Kd3 f5 33. Kc4 Bd8 34.
Ra3 Bc7 35. g3 g4 36. f4 Kd7 37. Bd4 h4 38. Rd3 Ke7 39. Rb3 1/2-1/2

[Event "Oberliga Ost A 2017 2018"]
[Site "Germany"]
[Date "2018.04.14"]
[Round "10.5"]
[White "Schulte, Felix"]
[Black "Pietzsch, Manuel"]
[Result "1-0"]
[WhiteElo "1967"]
[BlackElo "2109"]
[PlyCount "59"]
[EventDate "2017.10.22"]
[EventType "team-tourn"]
[EventCountry "GER"]
[WhiteTeam "Halle USV"]
[BlackTeam "Leipzig SG II"]
[WhiteTeamCountry "GER"]
[BlackTeamCountry "GER"]

1. d4 Nf6 2. c4 e6 3. Nc3 Bb4 4. e3 O-O 5. Nge2 d5 6. a3 Bd6 7. c5 Be7 8. Nf4
b6 9. b4 c6 10. Bd3 Nbd7 11. O-O bxc5 12. dxc5 e5 13. Nfe2 Qc7 14. Ng3 Re8 15.
e4 a5 16. Bd2 Bf8 17. Rc1 axb4 18. axb4 g6 19. exd5 cxd5 20. c6 Qxc6 21. Nb5
Qb6 22. Nc7 Bb7 23. Nxe8 Rxe8 24. Qa4 e4 25. Be2 h5 26. Bg5 Qd6 27. Qa7 Ba8 28.
Rc7 d4 29. Bc4 Ne5 30. Rxf7 1-0

[Event "Oberliga Ost A 2017 2018"]
[Site "Germany"]
[Date "2018.04.14"]
[Round "10.6"]
[White "Limpert, Michael"]
[Black "Luther, Juergen"]
[Result "1/2-1/2"]
[WhiteElo "2185"]
[BlackElo "2157"]
[PlyCount "51"]
[EventDate "2017.10.22"]
[EventType "team-tourn"]
[EventCountry "GER"]
[WhiteTeam "Leipzig SG II"]
[BlackTeam "Halle USV"]
[WhiteTeamCountry "GER"]
[BlackTeamCountry "GER"]

1. e4 e6 2. d4 d5 3. Nc3 Nf6 4. Bg5 Be7 5. e5 Nfd7 6. h4 h6 7. Bxe7 Qxe7 8. Qg4
O-O 9. O-O-O c5 10. f4 cxd4 11. Nb5 Nc6 12. Nxd4 Nxd4 13. Rxd4 f6 14. Nf3 Nc5
15. h5 f5 16. Qh4 Qc7 17. g4 Bd7 18. g5 Rac8 19. Rh2 Ba4 20. Kb1 Kh7 21. Qe1
Be8 22. Rdd2 Qb6 23. Nd4 Ne4 24. g6+ Kg8 25. Rd3 Nc5 26. Rd1 1/2-1/2

[Event "Oberliga Ost A 2017 2018"]
[Site "Germany"]
[Date "2018.04.14"]
[Round "10.7"]
[White "Groeger, Stefan"]
[Black "Scheibe, Axel"]
[Result "1/2-1/2"]
[WhiteElo "2150"]
[BlackElo "1946"]
[PlyCount "124"]
[EventDate "2017.10.22"]
[EventType "team-tourn"]
[EventCountry "GER"]
[WhiteTeam "Halle USV"]
[BlackTeam "Leipzig SG II"]
[WhiteTeamCountry "GER"]
[BlackTeamCountry "GER"]

1. d4 c5 2. c3 d5 3. Nf3 Nc6 4. g3 Nf6 5. Bg2 e6 6. O-O Be7 7. Bg5 O-O 8. Nbd2
cxd4 9. Nxd4 Qb6 10. Nxc6 bxc6 11. Qb3 Ba6 12. Rfe1 Rab8 13. Qxb6 Rxb6 14. b3
Ba3 15. Bxf6 gxf6 16. Rab1 f5 17. Bf1 Bd6 18. e3 Kg7 19. Bxa6 Rxa6 20. Rb2 Rb8
21. Rc2 Rb5 22. f4 Ra3 23. Re2 c5 24. c4 Rb4 25. cxd5 exd5 26. Nb1 Ra6 27. Red2
d4 28. Kf2 h5 29. exd4 cxd4 30. Rd3 Be7 31. Nd2 Bf6 32. Nc4 Re6 33. Rd1 Kf8 34.
Nb2 Rb8 35. Nd3 Re4 36. Rc5 Rbe8 37. Rd2 Kg7 38. Rxf5 Kg6 39. Rc5 h4 40. Rc6
R8e6 41. Rc7 Re7 42. Rxe7 Bxe7 43. Re2 f5 44. Kf3 Rxe2 45. Kxe2 hxg3 46. hxg3
Kf6 47. Ne5 Ke6 48. Kd3 Kd5 49. Nf3 Bc5 50. b4 Bb6 51. a4 a6 52. Nh4 Ke6 53. a5
Ba7 54. Kc4 d3 55. Kxd3 Bf2 56. Ng2 Kd7 57. Kc4 Kc6 58. Nh4 Bxg3 59. Nxf5 Bxf4
60. Nd4+ Kb7 61. Ne6 Be3 62. Nc5+ Ka7 1/2-1/2